তুলনামূলক প্ৰেক্ষাপটত মানৱ অধিকাৰ​ (Record no. 16375)

MARC details
000 -LEADER
fixed length control field 00581nam a22001937a 4500
008 - FIXED-LENGTH DATA ELEMENTS--GENERAL INFORMATION
fixed length control field 260420b |||||||| |||| 00| 0 eng d
020 ## - INTERNATIONAL STANDARD BOOK NUMBER
International Standard Book Number 978-81-995083-4-7
Price 350.00
040 ## - CATALOGING SOURCE
Original Cataloguing agency Sibsagar Commerce College Central Library
041 ## - LANGUAGE CODE
Language code of text/sound track or separate title Assamese
082 ## - DEWEY DECIMAL CLASSIFICATION NUMBER
Classification number 323
Book Number GOH.
100 ## - MAIN ENTRY--PERSONAL NAME
Personal name Gohain, Nabin.
Dates associated with a name Bora, Pankaj.
245 ## - TITLE STATEMENT
Title তুলনামূলক প্ৰেক্ষাপটত মানৱ অধিকাৰ​
Statement of responsibility, etc. By Nabin Gohain .
250 ## - EDITION STATEMENT
Edition statement 1st ed.
260 ## - PUBLICATION, DISTRIBUTION, ETC.
Place of publication, distribution, etc. Jorhat :
Name of publisher, distributor, etc. Bidya Bhawan ;
Date of publication, distribution, etc. 2025.
300 ## - PHYSICAL DESCRIPTION
Pages 408p.
650 ## - Subject
Subject Political Science .
942 ## - ADDED ENTRY ELEMENTS (KOHA)
Source of classification or shelving scheme Dewey Decimal Classification
Koha item type Books
Holdings
Withdrawn status Lost status Source of classification or shelving scheme Damaged status Not for loan Collection code Home library Current library Shelving location Date acquired Source of acquisition Total Checkouts Full call number Barcode Date last seen Copy number Cost, replacement price Price effective from Koha item type
    Dewey Decimal Classification     Political Science Sibsagar Commerce College Central Library Sibsagar Commerce College Central Library General Stacks 20/04/2026 Kitap Ghar   323 GOH. 29359 20/04/2026 1 700.00 20/04/2026 Books
    Dewey Decimal Classification     Political Science Sibsagar Commerce College Central Library Sibsagar Commerce College Central Library General Stacks 20/04/2026 Kitap Ghar   323 GOH. 29360 20/04/2026 2 700.00 20/04/2026 Books
    Dewey Decimal Classification     Political Science Sibsagar Commerce College Central Library Sibsagar Commerce College Central Library General Stacks 20/04/2026 Kitap Ghar   323 GOH. 29361 20/04/2026 3 700.00 20/04/2026 Books
    Dewey Decimal Classification     Political Science Sibsagar Commerce College Central Library Sibsagar Commerce College Central Library General Stacks 20/04/2026 Kitap Ghar   323 GOH. 29362 20/04/2026 4 700.00 20/04/2026 Books


Sibsagar Commerce College © 2020. All rights reserved.
Powered by Koha.
Hosted by LIBKART.